| 000 | 00635nam a22002057a 4500 | ||
|---|---|---|---|
| 003 | BUBTL | ||
| 008 | 220206b ||||| |||| 00| 0 eng d | ||
| 020 | _a9789845061537 | ||
| 082 | _a954.92/ K1461s/ 2005 | ||
| 100 |
_94516 _aKarim, S.A. |
||
| 245 |
_aSheikh Mujib: _bTriumph and Tragedy / _cS.A. Karim |
||
| 250 | _a1st Edn. | ||
| 260 |
_aDhaka: _bUniversity press Limited, _cc2005 |
||
| 300 |
_axiv, 407 p.: _bill.; _c24 cm. |
||
| 505 | _aSheikh Mujib, Triumph and Tragedy, S.A. Karim, Bangabandhu | ||
| 650 | 0 |
_94372 _aBangabandhu |
|
| 856 |
_k0 _l0 _yDownload |
||
| 942 |
_2ddc _cBK |
||
| 999 |
_c6656 _d6656 |
||